000 004490000a22001690004500
003 MACL
005 20160108154856.0
008 160108b xxu||||| |||| 00| 0 eng d
040 _aMACL
_cMACL
041 _aEnglish
082 _a920/HAM
100 _aHammerton, J A
_929923
245 _aGeorge Meredith
_bhis life and art in anecdote and criticism
260 _bEdinbnrgb
_c1911
_aLondon
650 _aBiography
_929924
942 _cBK
_k920/HAM
_2ddc
999 _c37102
_d37102